000 00692nam a2200241 a 4500
001 71797
003 BD-RjUL
005 20211209082149.0
008 170508s1974 ii a|||| |||| 001 0 eng d
035 _a(BD-RjUL)72013
040 _aBD-RjUL
_beng
_cBD-RjUL
041 _aeng
082 _223
_a535
_bMAT 1974
100 1 _aMazumdar, K. G.
_9165936
245 1 0 _aA text Book on Light :
_bfor Advanced Degree Students /
_cK. G. Mazumdar
250 _a4th (repr.) ed.
260 _aCalutta :
_bModern Book Agency Private Lit.,
_c1974
300 _avol. :
_bill. ;
_c21 cm.
500 _aIncludes index.
505 0 _aPart 2(Physical Optics)--
650 _aLight
_9212400
942 _2ddc
_cBK
999 _c71797
_d71797